[Event "Madrid-ch sf-B"]
[Site "Madrid"]
[Date "2009.02.07"]
[Round "9"]
[White "Penalosa Pinilla, Jesus"]
[Black "Martinez de Miguel, Pedro"]
[Result "1-0"]
[WhiteElo "2228"]
[BlackElo "2156"]
[PlyCount "71"]
[EventDate "2009.01.15"]
[EventType "swiss"]
[EventRounds "9"]
[EventCountry "ESP"]
[SourceTitle "CBM 128 Extra"]
[Source "ChessBase"]
[SourceDate "2009.03.05"]
[SourceVersion "2"]
[SourceVersionDate "2009.03.25"]
[SourceQuality "1"]

1. e4 c5 2. Nf3 d6 3. d4 cxd4 4. Nxd4 Nf6 5. Nc3 a6 6. Bg5 e6 7. f4 Nc6 8. Qd2 h6 9. Bxf6 Qxf6 10. Nb3 g5 11. f5 Qe5 12. 0-0-0 Qf4 13. Be2 Qxd2+ 14. Rxd2 b5 15. Bh5 Ne5 16. fxe6 Bxe6 17. Nd5 0-0-0 18. Be2 Kb8 19. Nd4 Bxd5 20. exd5 h5 21. Kb1 g4 22. a4 Bh6 23. Rdd1 bxa4 24. Bxa6 Kc7 25. Bb5 Ra8 26. Rhe1 Bg5 27. Ka2 h4 28. Bc6 Nxc6 29. Nxc6 Bf4 30. Re7+ Kb6 31. h3 gxh3 32. gxh3 f6 33. Rd4 Be5 34. Rb4+ Kc5 35. c4 a3 36. b3 1-0

[Event "Parla 25 Jubilee op"]
[Site "Parla"]
[Date "2008.09.13"]
[Round "8"]
[White "Penalosa Pinilla, Jesus"]
[Black "Arribas Lopez, Angel"]
[Result "0-1"]
[WhiteElo "2224"]
[BlackElo "2332"]
[PlyCount "76"]
[EventDate "2008.09.06"]
[EventType "swiss"]
[EventRounds "9"]
[EventCountry "ESP"]
[SourceTitle "CBM 126 Extra"]
[Source "ChessBase"]
[SourceDate "2008.11.05"]
[SourceVersion "1"]
[SourceVersionDate "2008.11.05"]
[SourceQuality "1"]

1. e4 c5 2. Nf3 d6 3. d4 cxd4 4. Nxd4 Nf6 5. Nc3 g6 6. Be2 Bg7 7. 0-0 0-0 8. Nb3 Be6 9. Re1 Nbd7 10. Bf1 Nb6 11. Nd4 Bc4 12. Bxc4 Nxc4 13. b3 Qa5 14. Qd3 Ne5 15. Qd2 Rfc8 16. Bb2 Nc6 17. Nf3 Ne5 18. Nd4 Nc6 19. Nf3 Ng4 20. Rad1 Kf8 21. a3 Nce5 22. Nd4 Nc6 23. Nxc6 bxc6 24. h3 Ne5 25. f4 Nc4 26. bxc4 Qb6+ 27. Kh1 Qxb2 28. e5 dxe5 29. fxe5 Kg8 30. a4 Qb4 31. Qd3 Qa5 32. Qe3 Rd8 33. Rb1 Rab8 34. Rb3 Rb4 35. c5 Rc4 36. e6 f5 37. Rd1 Rxd1+ 38. Nxd1 Re4 0-1

[Event "Logrono op U20"]
[Site "Logrono"]
[Date "2007.08.17"]
[Round "6"]
[White "Penalosa Pinilla, Jesus"]
[Black "Santos Latasa, Jaime"]
[Result "1/2-1/2"]
[WhiteElo "2207"]
[BlackElo "1913"]
[PlyCount "70"]
[EventDate "2007.08.14"]
[EventType "swiss"]
[EventRounds "8"]
[EventCountry "ESP"]
[SourceTitle "CBM 120 Extra"]
[Source "ChessBase"]
[SourceDate "2007.11.01"]
[SourceVersion "1"]
[SourceVersionDate "2007.11.01"]
[SourceQuality "1"]

1. e4 c6 2. Nc3 d5 3. Nf3 Nf6 4. e5 Ne4 5. d3 Nxc3 6. bxc3 Bg4 7. d4 e6 8. Rb1 b5 9. Bd2 a6 10. h3 Bxf3 11. Qxf3 c5 12. c4 bxc4 13. Bxc4 Nd7 14. Bb3 Be7 15. c3 0-0 16. 0-0 Qc7 17. Qg3 Rfb8 18. f4 f5 19. c4 Qc6 20. Qf3 Nb6 21. Ba5 Nxc4 22. Bxc4 Qa4 23. Bxa6 Rxb1 24. Rxb1 Qxa5 25. Rb7 Rxa6 26. Rxe7 Qd8 27. Rb7 Rb6 28. Ra7 c4 29. Qg3 Qf8 30. Kh2 Rc6 31. Qc3 Qd8 32. Kg3 Rc8 33. Ra6 Qe8 34. Kh2 Rc6 35. Ra7 Rc8 1/2-1/2

[Event "Galapagar 8th op"]
[Site "Galapagar"]
[Date "2007.07.23"]
[Round "3.1"]
[White "Penalosa Pinilla, Jesus"]
[Black "Roa Alonso, Santiago"]
[Result "0-1"]
[WhiteElo "2207"]
[BlackElo "2445"]
[PlyCount "43"]
[EventDate "2007.07.21"]
[EventType "swiss"]
[EventRounds "9"]
[EventCountry "ESP"]
[SourceTitle "EXT 2024"]
[Source "ChessBase"]
[SourceDate "2023.10.10"]
[SourceVersion "1"]
[SourceVersionDate "2023.10.10"]
[SourceQuality "1"]

1. e4 e5 2. Nf3 Nc6 3. Bb5 a6 4. Ba4 Nf6 5. 0-0 Be7 6. Re1 b5 7. Bb3 d6 8. c3 0-0 9. h3 Nb8 10. d4 Nbd7 11. Nbd2 Bb7 12. Bc2 Re8 13. Nf1 Bf8 14. Ng3 g6 15. a4 c5 16. d5 c4 17. Bg5 h6 18. Be3 Nc5 19. Ra3 Qc7 20. Qd2 h5 21. Nh2 h4 22. Ngf1 0-1

[Event "ESP-ch Student"]
[Site "Cartagena"]
[Date "2007.05.08"]
[Round "4"]
[White "Cabrero de Cabo, Miguel Angel"]
[Black "Penalosa Pinilla, Jesus"]
[Result "0-1"]
[WhiteElo "2102"]
[BlackElo "2201"]
[PlyCount "88"]
[EventDate "2007.05.06"]
[EventType "swiss"]
[EventRounds "9"]
[EventCountry "ESP"]
[SourceTitle "CBM 118 Extra"]
[Source "ChessBase"]
[SourceDate "2007.07.04"]
[SourceVersion "1"]
[SourceVersionDate "2007.07.04"]
[SourceQuality "1"]

1. e4 c5 2. Nc3 Nc6 3. g3 g6 4. Bg2 Bg7 5. d3 d6 6. f4 e6 7. Nf3 Nge7 8. 0-0 0-0 9. Be3 Rb8 10. Qd2 Nd4 11. Nh4 f5 12. Nd1 b5 13. c3 Ndc6 14. Nf2 b4 15. e5 Nd5 16. d4 bxc3 17. bxc3 cxd4 18. cxd4 Na5 19. Rfc1 Ba6 20. Bf1 Bxf1 21. Kxf1 Rf7 22. Nf3 Rfb7 23. Nd3 Bf8 24. Bf2 Nb4 25. Rab1 d5 26. Nc5 Bxc5 27. dxc5 Nbc6 28. Rxb7 Rxb7 29. Nd4 Nxd4 30. Qxd4 Nc6 31. Qa4 Qd7 32. Qa3 d4 33. Rd1 Qd5 34. Kg1 Rd7 35. Rd3 Kg7 36. Qb3 Kf7 37. Qb5 Ke7 38. a3 Qe4 39. Qc4 h5 40. Qc2 Rb7 41. Qd1 Rb2 42. Rb3 Qc2 43. Rb7+ Kd8 44. Qxc2 Rxc2 0-1

[Event "ESP-ch Student"]
[Site "Cartagena"]
[Date "2007.05.08"]
[Round "5"]
[White "Penalosa Pinilla, Jesus"]
[Black "Llaneza Vega, Marcos"]
[Result "0-1"]
[WhiteElo "2201"]
[BlackElo "2455"]
[PlyCount "96"]
[EventDate "2007.05.06"]
[EventType "swiss"]
[EventRounds "9"]
[EventCountry "ESP"]
[SourceTitle "CBM 118 Extra"]
[Source "ChessBase"]
[SourceDate "2007.07.04"]
[SourceVersion "1"]
[SourceVersionDate "2007.07.04"]
[SourceQuality "1"]

1. e4 c5 2. Nf3 Nf6 3. Nc3 Nc6 4. d4 cxd4 5. Nxd4 e5 6. Ndb5 d6 7. Bg5 a6 8. Na3 b5 9. Nd5 Be7 10. Bxf6 Bxf6 11. c3 Ne7 12. Nxe7 Qxe7 13. g3 0-0 14. Bg2 Be6 15. 0-0 Rab8 16. Nc2 a5 17. Ne3 Qd7 18. Nd5 Bd8 19. Qd2 Bb6 20. Nxb6 Rxb6 21. a3 Rfb8 22. b4 a4 23. Rfe1 Rc8 24. Bf1 h6 25. Re3 Qb7 26. f4 Rbc6 27. f5 Bb3 28. g4 Rd8 29. Bg2 Qe7 30. Rf1 Qg5 31. f6 g6 32. Qf2 Bc4 33. h4 Qxg4 34. Rg3 Qe2 35. Rxg6+ fxg6 36. f7+ Kf8 37. Qf6 Qxg2+ 38. Kxg2 Bxf1+ 39. Kxf1 Rd7 40. Qxg6 Rxf7+ 41. Ke2 Ke7 42. Qxh6 Rxc3 43. Qg5+ Kd7 44. Qg4+ Kc7 45. h5 Rxa3 46. Qg8 Ra2+ 47. Ke3 Raf2 48. Qg3 a3 0-1

[Event "Collado Villalba op-A 21st"]
[Site "Collado Villalba"]
[Date "2004.08.28"]
[Round "6"]
[White "Recuero Guerra, David"]
[Black "Penalosa Pinilla, Jesus"]
[Result "0-1"]
[WhiteElo "2245"]
[BlackElo "2123"]
[PlyCount "52"]
[EventDate "2004.08.23"]
[EventType "swiss"]
[EventRounds "9"]
[EventCountry "ESP"]
[SourceTitle "EXT 2006"]
[Source "ChessBase"]
[SourceDate "2005.11.24"]
[SourceVersion "1"]
[SourceVersionDate "2005.11.24"]
[SourceQuality "1"]

1. e4 c5 2. Nc3 Nc6 3. Nf3 g6 4. d4 cxd4 5. Nxd4 Bg7 6. Nb3 Nf6 7. Be2 0-0 8. 0-0 d6 9. Re1 Be6 10. Bf1 Rc8 11. Nd5 a5 12. a4 Nb4 13. c4 Nd7 14. Bg5 Re8 15. Qd2 Ne5 16. c5 Bxd5 17. exd5 dxc5 18. Bb5 c4 19. Nxa5 Qxa5 20. Bxe8 Rxe8 21. d6 exd6 22. Qxd6 Nc2 23. Bd2 Qd8 24. Qxd8 Rxd8 25. Ba5 Ra8 26. Bc7 Nd3 0-1

[Event "Collado Villalba op-A 21st"]
[Site "Collado Villalba"]
[Date "2004.08.26"]
[Round "4"]
[White "Penalosa Pinilla, Jesus"]
[Black "Gallardo Garcia, Andres"]
[Result "1/2-1/2"]
[WhiteElo "2123"]
[BlackElo "2305"]
[PlyCount "79"]
[EventDate "2004.08.23"]
[EventType "swiss"]
[EventRounds "9"]
[EventCountry "ESP"]
[SourceTitle "EXT 2006"]
[Source "ChessBase"]
[SourceDate "2005.11.24"]
[SourceVersion "1"]
[SourceVersionDate "2005.11.24"]
[SourceQuality "1"]

1. e4 e5 2. Nf3 Nc6 3. Bb5 a6 4. Ba4 Nf6 5. 0-0 Be7 6. Re1 b5 7. Bb3 0-0 8. c3 d5 9. exd5 Nxd5 10. Nxe5 Nxe5 11. Rxe5 c6 12. Bxd5 cxd5 13. d4 Bd6 14. Re1 Qh4 15. g3 Qh3 16. Qf3 Bf5 17. Qg2 Qg4 18. f3 Qg6 19. Bf4 Bxf4 20. gxf4 Qd6 21. Qg5 Bd3 22. Nd2 Rae8 23. Qg3 h6 24. Nb3 Re6 25. f5 Bxf5 26. Qxd6 Rxd6 27. Nc5 Rb8 28. b4 Rbb6 29. Kf2 h5 30. a4 h4 31. axb5 axb5 32. Re8+ Kh7 33. Rea8 h3 34. R8a6 Rxa6 35. Rxa6 Rd8 36. Rb6 Ra8 37. Ra6 Re8 38. Rb6 Ra8 39. Ra6 Re8 40. Rb6 1/2-1/2

[Event "Galapagar op 05th"]
[Site "Galapagar"]
[Date "2004.07.30"]
[Round "7"]
[White "Penalosa Pinilla, Jesus"]
[Black "Ballesteros Gonzalez, David"]
[Result "1-0"]
[WhiteElo "2123"]
[BlackElo "2224"]
[PlyCount "69"]
[EventDate "2004.07.24"]
[EventType "swiss"]
[EventRounds "9"]
[EventCountry "ESP"]
[SourceTitle "CBM 101 Extra"]
[Source "ChessBase"]
[SourceDate "2004.09.01"]
[SourceVersion "2"]
[SourceVersionDate "2004.09.01"]
[SourceQuality "1"]

1. e4 c5 2. Nf3 d6 3. d4 cxd4 4. Nxd4 Nf6 5. Nc3 g6 6. Be2 Bg7 7. 0-0 0-0 8. Be3 Nc6 9. Nb3 Be6 10. f4 Qc8 11. h3 Rd8 12. Bf3 b5 13. Nd5 a5 14. Nb6 Qa6 15. Nxa8 Qxa8 16. Nd4 Nxd4 17. Bxd4 Bc4 18. e5 Nd5 19. Re1 dxe5 20. fxe5 b4 21. e6 f6 22. Qd2 Qb8 23. Rad1 Nc7 24. Qf2 Rc8 25. Bb6 Na8 26. Ba7 Qf4 27. Rd4 Qc7 28. Rd7 Qf4 29. Bb7 Qxf2+ 30. Kxf2 Re8 31. Red1 Bf8 32. Rd8 Nc7 33. Rxe8 Nxe8 34. Bd5 Ba6 35. Bb6 1-0